| 000 | 00386nam a22001337a 4500 | ||
|---|---|---|---|
| 082 |
_a624.1771 _bBAS _cL-40, P-59 |
||
| 100 |
_aMinistry of Defence _942152 |
||
| 245 |
_aBasic structures for operations _cMinistry of Defence |
||
| 260 |
_aPakistan _bMinistry of Defence _c1965 |
||
| 300 | _ax, 66.p: | ||
| 526 |
_a0 _b0 _c0 _d624_177100000000000_BAS |
||
| 650 |
_aMCE _9379 |
||
| 942 |
_2ddc _cBK |
||
| 999 |
_c546739 _d546739 |
||